|
|
|
|
| LEADER |
00705nam a22001694a 4500 |
| 008 |
150122n ii |||gr||||Z||||||eng |
| 082 |
|
|
|a 658.403 CAS
|
| 100 |
|
|
|a Cassady, Richard, C and Nachlas, Joel,A.
|
| 245 |
1 |
|
|a Probability Models in Operations Research
|h Textual Documents
|
| 250 |
|
|
|a 2009.
|
| 260 |
|
|
|a London:
|b CRC Press, Tylor & Francis Group,
|c 2009.
|
| 300 |
|
|
|a VII;208p.:
|e 09742.
|
| 630 |
|
|
|a Probability-Statistics, Analysis of Random Variables.
|
| 852 |
|
|
|t 1
|p STA09742
|b Text Books
|k 658.403 CAS
|f 00000
|c Shelf - 17
|
| 942 |
|
|
|c BK
|
| 999 |
|
|
|c 217789
|d 217789
|
| 952 |
|
|
|0 0
|1 0
|4 0
|6 658_403000000000000_CAS
|7 0
|9 231931
|a STA
|b STA
|c Shelf - 17
|d 2019-12-11
|l 0
|o 658.403 CAS
|p STA09742
|r 2019-12-11
|t 1
|w 2019-12-11
|y BK
|